<?xml version="1.0" encoding="UTF-8"?><?xml-stylesheet type="text/xsl" href="static/style.xsl"?><OAI-PMH xmlns="http://www.openarchives.org/OAI/2.0/" xmlns:xsi="http://www.w3.org/2001/XMLSchema-instance" xsi:schemaLocation="http://www.openarchives.org/OAI/2.0/ http://www.openarchives.org/OAI/2.0/OAI-PMH.xsd"><responseDate>2026-04-14T02:56:28Z</responseDate><request verb="GetRecord" identifier="oai:www.recercat.cat:2072/447026" metadataPrefix="marc">https://recercat.cat/oai/request</request><GetRecord><record><header><identifier>oai:recercat.cat:2072/447026</identifier><datestamp>2024-10-31T05:42:58Z</datestamp><setSpec>com_2072_98</setSpec><setSpec>col_2072_378192</setSpec></header><metadata><record xmlns="http://www.loc.gov/MARC21/slim" xmlns:dcterms="http://purl.org/dc/terms/" xmlns:xsi="http://www.w3.org/2001/XMLSchema-instance" xmlns:doc="http://www.lyncode.com/xoai" xsi:schemaLocation="http://www.loc.gov/MARC21/slim http://www.loc.gov/standards/marcxml/schema/MARC21slim.xsd">
   <leader>00925njm 22002777a 4500</leader>
   <datafield ind2=" " ind1=" " tag="042">
      <subfield code="a">dc</subfield>
   </datafield>
   <datafield ind2=" " ind1=" " tag="720">
      <subfield code="a">Edo i Julià, Miquel</subfield>
      <subfield code="e">author</subfield>
   </datafield>
   <datafield ind2=" " ind1=" " tag="260">
      <subfield code="c">2014</subfield>
   </datafield>
   <datafield ind2=" " ind1=" " tag="520">
      <subfield code="a">Paolina Leopardi aparece como protagonista -junto a su hermano Giacomo- de un capítulo de Las hermanas tutelares de Rafael Alberto Arrieta (1923), del cuento "Hermanos" de Enrique M. Butti (1993) y de la novela Después del día de fiesta de Griselda Gambaro (1994). En los tres casos su figura es mitificada, en buena parte, en detrimento de la de Giacomo, perfilándose un interés en buscar un Leopardi al femenino, dotado de la fuerza sentimental y estética propia del arquetipo de la mujer que ama o es amada en la ausencia y la lejanía.</subfield>
   </datafield>
   <datafield ind2=" " ind1=" " tag="520">
      <subfield code="a">Paolina Leopardi appears as a protagonist -along with her brother Giacomo- in one of the chapters in Las hermanas tutelares by Rafael Alberto Arrieta (1923), the short story "Hermanos" by Enrique M. Butti (1993) and the novel Después del día de fiesta by Griselda Gambaro (1994). In each of these cases she is presented as a mythical figure, to a large degree, in detriment to that of Giacomo, which illustrates an interest in searching for a Leopardi in the feminine, endowed with the emotional and aesthetic force emblematic of the archetypal woman who loves or is loved in absence or from afar.</subfield>
   </datafield>
   <datafield tag="653" ind2=" " ind1=" ">
      <subfield code="a">Leopardi</subfield>
   </datafield>
   <datafield tag="653" ind2=" " ind1=" ">
      <subfield code="a">Epistolarios</subfield>
   </datafield>
   <datafield tag="653" ind2=" " ind1=" ">
      <subfield code="a">Desmitificación</subfield>
   </datafield>
   <datafield tag="653" ind2=" " ind1=" ">
      <subfield code="a">Incesto</subfield>
   </datafield>
   <datafield tag="653" ind2=" " ind1=" ">
      <subfield code="a">Lejanía</subfield>
   </datafield>
   <datafield tag="653" ind2=" " ind1=" ">
      <subfield code="a">Epistolary genre</subfield>
   </datafield>
   <datafield tag="653" ind2=" " ind1=" ">
      <subfield code="a">Demythologization</subfield>
   </datafield>
   <datafield tag="653" ind2=" " ind1=" ">
      <subfield code="a">Incest</subfield>
   </datafield>
   <datafield tag="653" ind2=" " ind1=" ">
      <subfield code="a">Distance</subfield>
   </datafield>
   <datafield ind2="0" ind1="0" tag="245">
      <subfield code="a">La figura de Paolina en el leopardismo argentino</subfield>
   </datafield>
</record></metadata></record></GetRecord></OAI-PMH>